| 000 | 00749nam a2200229Ia 4500 | ||
|---|---|---|---|
| 001 | 15974 | ||
| 003 | GE_BSU | ||
| 008 | 181216s||||||||xx |||||||||||||| ||und|| | ||
| 040 | _cGE_BSU | ||
| 080 | _a82-93 | ||
| 100 | _aხუხაშვილი, გ. | ||
| 245 | _aმშვიდობის სიმღერა | ||
| 245 | _bსაბავშვო პოემა | ||
| 245 | _cრედ.გრ.აბაშიძე.. მხ.შ.კუპრაძე | ||
| 260 | _aთბილისი | ||
| 260 | _bსაბლიტგამი | ||
| 260 | _c1952 | ||
| 300 | _a48გვ. : ილ. ; 21სმ. | ||
| 653 | _aმშვიდობის სიმღერა | ||
| 653 | _aსაბავშვო პოემა | ||
| 942 | _cBK | ||
| 999 |
_c49068 _d49068 |
||